| 000 | 00531nam a2200181 a 4500 | ||
|---|---|---|---|
| 001 | 2598 | ||
| 005 | 20180713182553.0 | ||
| 008 | 140415s1954 000 0 spa d | ||
| 041 | _aspa | ||
| 082 |
_a331.04 _bMOO |
||
| 100 | 1 | _aMOORE, WILBERT E. | |
| 245 | 1 | 4 | _aLAS RELACIONES INDUSTRIALES Y EL ORDEN SOCIAL |
| 260 |
_a[s.l.] : _bFONDO DE CULTURA ECONOMICA, _c1954 |
||
| 300 | _a589 | ||
| 490 | _aSECCION DE OBRAS DE SOCIOLOGIA | ||
| 650 | 1 | 4 | _aRELACIONES INDUSTRIALES |
| 700 | 1 |
_aMONTEFORTE TOLEDO, MARIO _etr. |
|
| 999 |
_c2598 _d2598 |
||